00436nam a2200121 i 4500001000300000245011900003260002100122040000800143041000800151080001600159008004100175856009800216bg 0aChemia i technologia środków powierzchniowo czynnych :bII Konferencja Naukowa Karpacz, 20-21 września 1974. aWrocław,c1974. cBPK apol a661.(061.3) s pl f |000 0 pol  uhttp://koha.tu.koszalin.pl/cgi-bin/koha/opac-detail.pl?biblionumber=26568yKatalog online BPK